000 002970000a22000970004500
100 1 _aBaarda, Tjitze
245 1 0 _a"The cornerstone" : An aramaism in the diatessaron and the gospel of Thomas?
300 _aVol. 37, Num. 3 (Julio, 1995), Páginas 285-300
773 0 _tNovum Testamentum
942 _cANA
999 _c56893
_d56893